Państwa i ich stolice, w których występują łosie - Statystyki

Ogólne statystyki
  • Ten quiz został rozwiązany 99 razy
    86 od ostatniego zresetowania
  • Średni wynik to 24 z 26
Statystyki odpowiedzi
% Poprawnych
Polska
100%
Warszawa
99%
Szwecja
98%
Norwegia
96%
Rosja
96%
Sztokholm
96%
Finlandia
95%
Moskwa
95%
Oslo
95%
Białoruś
94%
Helsinki
94%
Kanada
94%
Stany Zjednoczone
94%
Ukraina
94%
Estonia
93%
Kijów
93%
Łotwa
93%
Litwa
91%
Mińsk
91%
Ottawa
91%
Ryga
91%
Waszyngton
91%
Tallin
90%
Wilno
90%
Chiny
65%
Pekin
64%
Nie znaleziono quizów pasujących do podanych kryteriów
Rozkład punktacji
Procent ludzi z każdym wynikiem
Percentyl według liczby udzielonych odpowiedzi
Twoja historia wyników
Nie rozwiązałeś tego quizu od ostatniego zresetowania